|
|
|
|
| LEADER |
02177cas a2200253 a 4500 |
| 001 |
AALejournalIMF017913 |
| 008 |
230101c9999 xx r poo 0 0eng d |
| 020 |
|
|
|c 5.00 USD
|
| 020 |
|
|
|z 9781484320716
|
| 022 |
|
|
|a 1018-5941
|
| 040 |
|
|
|a BD-DhAAL
|c BD-DhAAL
|
| 100 |
1 |
|
|a Malik, Sheheryar.
|
| 245 |
1 |
0 |
|a Interconnectedness of Global Systemically-Important Banks and Insurers /
|c Sheheryar Malik, TengTeng Xu.
|
| 264 |
|
1 |
|a Washington, D.C. :
|b International Monetary Fund,
|c 2017.
|
| 300 |
|
|
|a 1 online resource (57 pages)
|
| 490 |
1 |
|
|a IMF Working Papers
|
| 500 |
|
|
|a <strong>Off-Campus Access:</strong> No User ID or Password Required
|
| 500 |
|
|
|a <strong>On-Campus Access:</strong> No User ID or Password Required
|
| 506 |
|
|
|a Electronic access restricted to authorized BRAC University faculty, staff and students
|
| 520 |
3 |
|
|a Interconnectedness among global systemically important banks (GSIBs) and global systemically important insurers (GSIIs) has important financial stability implications. This paper examines connectedness among United States, European and Asian GSIBs and GSIIs, using publicly-available daily equity returns and intra-day volatility data from October 2007 to August 2016. Results reveal strong regional clusters of return and volatility connectedness amongst GSIBs and GSIIs. Compared to Asia, selected GSIBs and GSIIs headquartered in the United States and Europe appear to be main sources of market-based connectedness. Total system connectedness-i.e., among all GSIBs and GSIIs-tends to rise during financial stress, which is corroborated by a balance sheet oriented systemic risk measure. Lastly, the paper demonstrates significant influence of economic policy uncertainty and U.S. long-term interest rates on total connectedness among systemically important institutions, and the important role of bank profitability and asset quality in driving bank-specific return connectedness.
|
| 538 |
|
|
|a Mode of access: Internet
|
| 700 |
1 |
|
|a Xu, TengTeng.
|
| 830 |
|
0 |
|a IMF Working Papers; Working Paper ;
|v No. 2017/210
|
| 856 |
4 |
0 |
|z Full text available on IMF
|u http://elibrary.imf.org/view/journals/001/2017/210/001.2017.issue-210-en.xml
|z IMF e-Library
|